000 00742nam a2200205Ia 4500
003 GCL
008 140319s9999 xx 000 0 ara d
040 _aGCL /
_cGCL
082 0 4 _a398.2
_bم ق
100 1 _aمحمد صادق زلزلة
245 1 0 _aقصص الامثال العامية: كتاب امثال وقصص, عظات وعبر, وفكاهة وادب /
_cمحمد صادق زلزلة
260 _a[S.N] :
_bدار الجيل للنشر والتوزيع
490 _a
650 0 4 _aالامثال العربية
650 0 4 _aالاهاجى والفكاهات
650 0 4 _aالامثال العامية العربية
650 0 4 _aالاساطير العربية
650 0 4 _aالادب الشعبى
942 _2ddc
_cBK
999 _c57112
_d57112